Energy Use of the Solid-Phase Product of Oil Sludge Waste Thermal Conversion; AIP Conference Proceedings; Vol. 2422 : Heat and mass transfer in the thermal control system of technical and technological energy equipment (HMTTSC 2021)
| Parent link: | AIP Conference Proceedings Vol. 2422 : Heat and mass transfer in the thermal control system of technical and technological energy equipment (HMTTSC 2021).— 2021.— [030003, 6 p.] |
|---|---|
| Collectivité auteur: | |
| Autres auteurs: | , , , , |
| Résumé: | Title screen The process of ignition and subsequent combustion of the solid-phase product (carbon residue) of the steam gasification of oil sludge waste (OS) was studied, its physical and chemical characteristics were determined, and the energy applicability was evaluated. It was found that the product is characterized by a high content of ash (Ad=70 wt%) and sulfur (Sd=1.7 wt%). The lower heating value was 14.2 MJ/kg. According to the thermal analysis data, the initial and final temperatures of intensive oxidation were 248 °C and 518 °C, respectively. The ignition delay time exponentially decreased by 67% with increase in the temperature of the heating medium (from 500 to 700 °C). The combustion process at Tg=700 °C was accompanied by the formation of flame near the fuel sample. |
| Langue: | anglais |
| Publié: |
2021
|
| Collection: | Heat and mass transfer in combustion technology |
| Sujets: | |
| Accès en ligne: | https://doi.org/10.1063/5.0067945 |
| Format: | Électronique Chapitre de livre |
| KOHA link: | https://koha.lib.tpu.ru/cgi-bin/koha/opac-detail.pl?biblionumber=667485 |
MARC
| LEADER | 00000naa2a2200000 4500 | ||
|---|---|---|---|
| 001 | 667485 | ||
| 005 | 20251117144235.0 | ||
| 035 | |a (RuTPU)RU\TPU\network\38690 | ||
| 035 | |a RU\TPU\network\38687 | ||
| 090 | |a 667485 | ||
| 100 | |a 20220329d2021 k||y0rusy50 ba | ||
| 101 | 0 | |a eng | |
| 135 | |a drcn ---uucaa | ||
| 181 | 0 | |a i | |
| 182 | 0 | |a b | |
| 200 | 1 | |a Energy Use of the Solid-Phase Product of Oil Sludge Waste Thermal Conversion |f K. B. Larionov, A. Kaltaev, R. B. Tabakaev [et al.] | |
| 203 | |a Text |c electronic | ||
| 225 | 1 | |a Heat and mass transfer in combustion technology | |
| 300 | |a Title screen | ||
| 320 | |a [References: 6 tit.] | ||
| 330 | |a The process of ignition and subsequent combustion of the solid-phase product (carbon residue) of the steam gasification of oil sludge waste (OS) was studied, its physical and chemical characteristics were determined, and the energy applicability was evaluated. It was found that the product is characterized by a high content of ash (Ad=70 wt%) and sulfur (Sd=1.7 wt%). The lower heating value was 14.2 MJ/kg. According to the thermal analysis data, the initial and final temperatures of intensive oxidation were 248 °C and 518 °C, respectively. The ignition delay time exponentially decreased by 67% with increase in the temperature of the heating medium (from 500 to 700 °C). The combustion process at Tg=700 °C was accompanied by the formation of flame near the fuel sample. | ||
| 461 | 0 | |0 (RuTPU)RU\TPU\network\4816 |t AIP Conference Proceedings | |
| 463 | 0 | |0 (RuTPU)RU\TPU\network\38674 |t Vol. 2422 : Heat and mass transfer in the thermal control system of technical and technological energy equipment (HMTTSC 2021) |o International Youth Scientific Conference, 20–22 April 2021, Tomsk, Russia |f National Research Tomsk Polytechnic University (TPU) ; eds. G. V. Kuznetsov, D. V. Feoktistov, E. G. Orlova |v [030003, 6 p.] |d 2021 | |
| 610 | 1 | |a электронный ресурс | |
| 610 | 1 | |a труды учёных ТПУ | |
| 610 | 1 | |a энергетическое использование | |
| 610 | 1 | |a твердофазные продукты | |
| 610 | 1 | |a термическая переработка | |
| 610 | 1 | |a нефтешламы | |
| 610 | 1 | |a отходы | |
| 610 | 1 | |a воспламенение | |
| 610 | 1 | |a горение | |
| 610 | 1 | |a паровая газификация | |
| 610 | 1 | |a теплоносители | |
| 610 | 1 | |a физико-химические характеристики | |
| 701 | 1 | |a Larionov |b K. B. |c specialist in the field of power engineering |c technician of Tomsk Polytechnic University |f 1990- |g Kirill Borisovich |3 (RuTPU)RU\TPU\pers\35705 | |
| 701 | 1 | |a Kaltaev |b A. |c Physicist |c Assistant of the Department of Tomsk Polytechnic University |f 1995- |g Albert |3 (RuTPU)RU\TPU\pers\47142 | |
| 701 | 1 | |a Tabakaev |b R. B. |c specialist in the field of heat and power engineering |c researcher of Tomsk Polytechnic University, Candidate of Sciences |f 1986- |g Roman Borisovich |3 (RuTPU)RU\TPU\pers\32988 |9 16833 | |
| 701 | 1 | |a Melnik |b G. S. |g Gulnara | |
| 701 | 1 | |a Zenkov |b A. V. |c engineer at Tomsk Polytechnic University, assistant |c specialist in the field of power engineering |f 1992- |g Andrey Viktorovich |3 (RuTPU)RU\TPU\pers\37816 | |
| 712 | 0 | 2 | |a Национальный исследовательский Томский политехнический университет |b Инженерная школа энергетики |b Научно-образовательный центр И. Н. Бутакова (НОЦ И. Н. Бутакова) |3 (RuTPU)RU\TPU\col\23504 |
| 801 | 2 | |a RU |b 63413507 |c 20220329 |g RCR | |
| 856 | 4 | |u https://doi.org/10.1063/5.0067945 | |
| 942 | |c CF | ||